Les 10 états les plus peuplés des USA - Statistiques

Statistiques générales
  • Ce quiz a été pris 792 fois
  • Le résultat moyen est 8 sur 10
Statistiques - réponses
Numéro Etat % Correct
1. 37 253 956 Californie
98%
3. 19 378 102 New york
97%
2. 25 145 561 Texas
97%
4. 18 801 310 Floride
94%
8. 9 883 640 Michigan
72%
5. 12 830 632 Illinois
71%
10. 9 535 483 Caroline du nord
67%
7. 11 536 504 Ohio
66%
9. 9 687 653 Georgie
65%
6. 12 702 379 Pennsylvanie
55%
Aucun quiz correspondant
Distribution des résultats
% des personnes avec chaque résultat
Percentile par nombre de réponses
Votre historique - résultats
Vous n’avez pas pris ce quiz